01659nam a22002657a 450000500170000000800410001702000180005804000070007604100080008308200210009110000260011224500530013826000610019130000280025236501000028052006790038065000390105965000250109865000240112365000170114770000340116494200120119899900190121095201640122920260402103429.0260402b |||||||| |||| 00| 0 eng d a9788123922683 cAL aeng a621.380413bSHAA aPreeta Sharan9260099 aAdvanced digital communication laboratory manual aNew DelhibCBS Publishers and Distributors Pvt Ltdc2013 aviii,72pbPBc28x21.5cm 2Electronics and Communication EngineeringaVBI-2645b₹187.50c₹d₹250.00e25%f20-02-2026 aThis book is designed for the Mtech students of Digital Electronics and Communication as well as Digital Communication and Networking courses.It gives relevant information on the basic concepts of processes circuits and other building blocks of experiments related to digital communication. It presents the basic concept used in circuit designmicrowave communication and optical communication and also provides various methods and techniques for conducting the experiment.Clear circuit diagrams and proper calculations have been provided for all the experiments and simple language has been used throughout the book for better understanding of the concepts for the students. aASK Amplitude Shift Keying9260100 aDigital Link9260101 aModulation 9260102 aVSWR9260103 aGowd, Bhargava Rama R9260104 2ddccBK c241116d241116 00102ddc40708ECE aSEbSEd2026-02-20eVidyarthi Books, Bengaluru-560076g187.50l0o621.380413 SHAApSE000292r2026-04-02 10:36:24v250.00w2026-02-20yBK